000 01145cam a22003131 4500
999 _c129737
_d129737
001 277941
003 ARRUPE
005 20190823143506.0
008 740213s1961 nyu 000 0 eng
010 _a 61011758
040 _aDLC
_beng
_cDLC
_dDLC
041 1 _aenggrc
050 0 0 _aB-358-1
082 0 0 _a184
100 0 _aPlato.
_947897
240 1 0 _aWorks.
_lEnglish.
_f1961
245 1 4 _aThe collected dialogues of Plato, including the letters.
_cEdited by Edith Hamilton and Huntington Cairns. With introd. and prefatory notes. [Translators: Lane Cooper and others].
260 _a[New York]
_bPantheon Books
_c[1961]
300 _axxv, 1743 p.
_c23 cm.
440 0 _aBollingen series,
_v71
_947898
700 1 _aHamilton, Edith,
_d1867-1963,
_eed.
_947899
700 1 _aCairns, Huntington,
_d1904-1985,
_eed.
_947900
710 2 _aBollingen Foundation Collection (Library of Congress)
_5DLC
_947901
906 _a7
_bcbc
_corignew
_du
_eocip
_f19
_gy-gencatlg
942 _2lcc
_cMONOGRAPH